000 00463nam a2200181Ia 4500
008 240925s9999 xx 000 0 und d
020 _aNA
082 _a297.1 NAT
100 _aNatiq, Abdul Qayyum
245 0 _aSirat-e-Mustaqim: islamic studies
250 _a13th
260 _aKarachi:
_bTaher sons
_c,2018.
300 _a66p.
_b0
_fOriginal
500 _aIncludes Contents
600 _aHumanities & Natural Science
650 _aReligion
942 _cBK
999 _c15679
_d15679